00334 a2200109 4500001001000000005001700010008004100027245005000068100001900118773007000137999001700207ART_1029820260410161654.0260409a 10a¿Qué significa estar orientado al mercado?1 aDay, George S.0 tHarvard Deusto Business Reviewg- Nº 93 (nov./dic. 1999)wREV521 c14510d14510